| 000 | 00529nam a22001817a 4500 | ||
|---|---|---|---|
| 003 | CEME | ||
| 005 | 20210628205118.0 | ||
| 008 | 210225b xxu||||| |||| 00| 0 eng d | ||
| 020 | _a0-07-032813-7 | ||
| 040 | _c. | ||
| 082 | _a005.1 JON'A | ||
| 100 |
_aJones, Caper _973973 |
||
| 245 | _aApplied software measurement assuring productivity and quality | ||
| 260 |
_aNEWYORK _bMCGRAW HILL _c1991 |
||
| 300 | _aXIV' 493P | ||
| 650 |
_aFUNCTION POINT ANALYSIS COMPUTER SOFTWARE QUALITY CONTROL ACC NO- _973974 |
||
| 942 |
_cBK _2ddc |
||
| 999 |
_c579573 _d579573 |
||